00179 a2200073 450000100060000008200140000610000170002024500680003772393 a669.9 GUP aGupta, O. P. aMetallurgical engineeringbobjective type questions and answers